ბათუმის შოთა რუსთაველის სახელმწიფო უნივერსიტეტის ბიბლიოთეკა

Algorithms Illuminated : (ბიბ.ჩანაწერი № 57684)

000 -LEADER
fixed length control field 00574nam a22001697a 4500
005 - DATE AND TIME OF LATEST TRANSACTION
control field 20200908121519.0
008 - FIXED-LENGTH DATA ELEMENTS--GENERAL INFORMATION
fixed length control field 200908b xxu||||| |||| 00| 0 geo d
020 ## - INTERNATIONAL STANDARD BOOK NUMBER
International Standard Book Number 9780999282946
080 ## - UNIVERSAL DECIMAL CLASSIFICATION NUMBER
Universal Decimal Classification number 004.724.2 R-83
100 ## - MAIN ENTRY--PERSONAL NAME
Personal name Roughgarden, Tim
9 (RLIN) 9434
245 ## - TITLE STATEMENT
Title Algorithms Illuminated :
Remainder of title Part 3. Greedy Algorithms and Dynamic Programming /
Statement of responsibility, etc. Tim Roughgarden.
264 ## - PRODUCTION, PUBLICATION, DISTRIBUTION, MANUFACTURE, AND COPYRIGHT NOTICE
Place of production, publication, distribution, manufacture New York :
Name of producer, publisher, distributor, manufacturer Soundlikeyourself Publishing,
Date of production, publication, distribution, manufacture, or copyright notice 2019.
300 ## - PHYSICAL DESCRIPTION
Extent 217 p.
Other physical details 23 cm.
653 ## - INDEX TERM--UNCONTROLLED
keyword ალგორითმები
653 ## - INDEX TERM--UNCONTROLLED
keyword პროგრამირება
942 ## - ADDED ENTRY ELEMENTS (KOHA)
Source of classification or shelving scheme
Koha item type წიგნი
ეგზემპლარები
Withdrawn status Lost status Source of classification or shelving scheme Damaged status Not for loan Permanent Location Current Location Date acquired Source of acquisition Full call number Barcode Date last seen Copy number Price effective from Koha item type Public note
          ბათუმის შოთა რუსთაველის სახელმწიფო უნივერსიტეტის მთავარი ბიბლიოთეკა ბათუმის შოთა რუსთაველის სახელმწიფო უნივერსიტეტის მთავარი ბიბლიოთეკა 2020-09-08 53.86 004.724.2 R-83 61009 2020-09-08 61009 2020-09-08 წიგნი 53 ლ. 86 თ.